000 00324nam a2200133Ia 4500
008 240624s9999 xx 000 0 und d
041 _aeng
082 _a828 GAN
100 _aDESAI MAHADEV
245 _aVINOBA KE VICHAR
260 _c2008
_aNew Delhi
_bSasta Sahitya Mandal
300 _a414 p.; 22 cm.
365 _cRS
_b25
999 _c29612
_d29612